Vista normal
Vista MARC
- Militares
Entrada Materia
Número de registros utilizados en: 1
001 - NÚMERO DE CONTROL
- campo de control: 1588
003 - IDENTIFICADOR DEL NÚMERO DE CONTROL
- campo de control: ES-MaFIAP
005 - FECHA Y HORA DE LA ÚLTIMA TRANSACCIÓN
- campo de control: 20231114132401.0
008 - DATOS DE LONGITUD FIJA
- campo de control de longitud fija: 231114|| aca||aabn | a|a d
040 ## - FUENTE DE LA CATALOGACIÓN
- Centro catalogador/agencia de origen: ES-MaFIAP
- Centro/agencia transcriptor: ES-MaFIAP
150 ## - ENCABEZAMIENTO--TÉRMINO DE MATERIA
- Término de materia o nombre geográfico como elemento de entrada: Militares
- Subdivisión general: Pensiones
- Subdivisión de forma: Congresos y asambleas
670 ## - FUENTE DE DATOS ENCONTRADOS
- Cita de la fuente: Work cat.: (ES-MaFIAP)587: Seminario Internacional "Discapacidad y Ejército, Nuevas Perspectivas" 2º 2005 Madrid 1586, Mesas de debate y ponencias , 2006 [i.e. 2007]





